Central Library OPAC University of Rajshahi

Efficient use of fertilizers / (Record no. 67035)

MARC details
000 -LEADER
fixed length control field 00938nam a2200277 a 4500
001 - CONTROL NUMBER
control field 67035
003 - CONTROL NUMBER IDENTIFIER
rucl marc code BD-RjUL
005 - DATE AND TIME OF LATEST TRANSACTION
control field 20211209081617.0
008 - FIXED-LENGTH DATA ELEMENTS--GENERAL INFORMATION
fixed length control field 170322s1958 it ab b i001 0 eng d
035 ## - SYSTEM CONTROL NUMBER
System control number (BD-RjUL)67166
System control number (OCoLC)1652806
040 ## - CATALOGING SOURCE
Original cataloging agency DLC
Transcribing agency FM
Modifying agency OCoLC
-- DLC
-- BD-RjUL
Language of cataloging eng
041 ## - LANGUAGE CODE
Language code of text/sound track or separate title eng
082 ## - DEWEY DECIMAL CLASSIFICATION NUMBER
Classification number 631.81
Edition number 23
Author mark and year EFF 1958
245 00 - TITLE STATEMENT
Title Efficient use of fertilizers /
Statement of responsibility, etc. edited by Vladimir Ignatieff and Harold James Page.
250 ## - EDITION STATEMENT
Edition statement Rev. and enl. ed.,
260 ## - PUBLICATION, DISTRIBUTION, ETC. (IMPRINT)
Place of publication, distribution, etc. Rome :
Name of publisher, distributor, etc. Food and Agriculture Organization of the United Nations,
Date of publication, distribution, etc. 1958.
300 ## - PHYSICAL DESCRIPTION
Pagination xxi, 355 p. :
Illustrations ill. ;
Size 23 cm.
490 1# - SERIES STATEMENT
Series statement FAO agricultural studies,
Volume/sequential designation no. 43
504 ## - BIBLIOGRAPHY, ETC. NOTE
Bibliography, etc Bibliography: p. 297-333.
650 #0 - SUBJECT ADDED ENTRY--TOPICAL TERM
Topical term or geographic name as entry element Fertilizers.
9 (RLIN) 115004
700 1# - ADDED ENTRY--PERSONAL NAME
Personal name Ignatieff, Vladimir. ed.
Personal name Page, Harold James,
Dates associated with a name 1890-
Relator term joint ed.
830 #0 - SERIES ADDED ENTRY--UNIFORM TITLE
Uniform title FAO agricultural studies ;
Volume number/sequential designation no. 43.
942 ## - ADDED ENTRY ELEMENTS (KOHA)
Source of classification or shelving scheme Dewey Decimal Classification
Koha item type Books
Holdings
Lost status Source of classification or shelving scheme Damaged status Not for loan Collection code Permanent Location Current Location Shelving location Date acquired Source of acquisition Cost, normal purchase price Total Checkouts Full call number Date last seen Copy number Koha item type
  Dewey Decimal Classification   Not For Loan Non-fiction Central Library, University of Rajshahi Central Library, University of Rajshahi Reading Room 26/03/1968 Shilpa Nikatan,Dacca 20.00   631.81 EFF 1958 22/03/2017 C-1 Books